[Event "Biel GM"]
[Site "Biel"]
[Date "2005.07.17"]
[Round "1"]
[White "Pelletier, Yannick"]
[Black "Gelfand, Boris"]
[Result "1/2-1/2"]
[WhiteElo "2603"]
[BlackElo "2724"]
[Annotator "Pelletier,Y"]
[PlyCount "56"]
[EventDate "2005.07.17"]
[EventType "tourn"]
[EventRounds "10"]
[EventCountry "SUI"]
[EventCategory "16"]
[SourceTitle "CBM 108"]
[Source "ChessBase"]
[SourceDate "2005.09.26"]
[SourceVersion "1"]
[SourceVersionDate "2005.09.26"]
[SourceQuality "1"]

1. d4 Nf6 2. c4 e6 3. Nf3 b6 4. g3 Ba6 5. b3 Bb4+ 6. Bd2 Be7 7. Bg2 c6 8. Bc3
d5 9. Ne5 Nfd7 10. Nxd7 Nxd7 11. Nd2 O-O 12. O-O Rc8 13. e4 b5 14. Re1 dxe4 15.
Bxe4 bxc4 16. bxc4 {All das ist gut bekannt und wurde sogar wenige Tage zuvor
in der Dortmunder Partie Bacrot-Adams gespielt. Nun spielt aber Gelfand ein
seltener Zug, der auch einen schlechten Ruf hat.} Nb6 {Ich erinnerte mich
ungefähr an eine Partie Karpov-Adorjan, die der Russe meisterhaft gewonnen
hatte. Aber Gelfand wechselt bald.} 17. c5 Nd5 18. Qc2 h6 {So spielte laut
Gelfand einige Monate vor dieser Partie Efimenko erfolgreich gegen Khalifman
bei der Russischen Liga. Diese Partie scheint zu den Datenbanken den Weg nicht
gefunden zu haben.} (18... g6 $6 19. Nf3 Bf6 20. Ne5 Qc7 21. h4 Rfd8 22. Bd2
Bg7 23. Rad1 Ne7 24. Qc3 Bb5 25. Bc2 Nf5 26. Bf4 Qb7 27. a4 Ba6 28. Be4 Qa8 29.
h5 g5 30. Bxg5 f6 31. h6 Nxh6 32. Bxh6 Bxh6 33. Qb3 Re8 34. Ng4 Kg7 35. Kg2 f5
36. Nxh6 Kxh6 37. Bxf5 exf5 38. Qf7 {1-0 Karpov-Adorjan, TWch-Luzern 1989}) 19.
Bg2 (19. Nf3 Nf6 20. Ne5 Nxe4 21. Qxe4 Bf6 {und im Vergeich zur Karpov-Partie,
sind die dunklen Felder um den schwarzen König nicht geschwächt.}) (19. Rab1
Qc7) 19... Rb8 20. Nf3 Bf6 21. Bd2 Rb7 22. h4 ({Am Europa-Pokal in St Vincent
im September geschah in Bacrot-Efimenko} 22. Rad1 Bb5 23. h4 Rd7 24. Re4 Re8
25. a3 Rb7 26. Ne5 Bxe5 27. dxe5 Qe7 28. Rde1 Reb8 29. Bc1 Kh8 30. Rg4 Ba6 31.
Ra4 Bb5 32. Rg4 Ba6 33. Ra4 Bb5 {Remis}) 22... Bb5 (22... Qc7 23. Qc1 $1 (23.
g4 Nf4 24. Bxf4 Qxf4 25. Re4 Rb2 $1 $13) 23... Bd3 24. g4 $36) (22... Rd7 $142)
23. Re4 Rd7 24. a4 Ba6 25. Rb1 ({Ganz richtig hat Gelfand seine Dame auf d8
belassen. Somit verhindert er} 25. g4 {:} Bxh4 26. Ne5 (26. Nxh4 Qxh4 27. g5
Qh5 28. gxh6 gxh6) 26... Nf6 (26... Rb7 $5 27. Nxc6 Qf6) 27. Nxc6 Qc7) 25...
Ne7 {Die Stellung ist im Gleichgewicht, die folgende Zugwiederholung ist
logisch.} 26. Rb4 Nd5 27. Rb1 (27. Rb3 Ne7 28. Bf4 Nf5 29. Rb8 $140 Qxb8 30.
Bxb8 Rxb8 $36) 27... Ne7 28. Rb4 Nd5 1/2-1/2

[Event "SUI-ch"]
[Site "Lenzerheide"]
[Date "2010.07.08"]
[Round "1"]
[White "Pelletier, Yannick"]
[Black "Jenni, Florian"]
[Result "1-0"]
[WhiteElo "2589"]
[BlackElo "2542"]
[Annotator "Pelletier,Y"]
[PlyCount "59"]
[EventDate "2010.07.08"]
[EventType "tourn"]
[EventRounds "9"]
[EventCountry "SUI"]
[EventCategory "10"]
[SourceTitle "CBM 137 Extra"]
[Source "ChessBase"]
[SourceDate "2010.09.01"]
[SourceVersion "1"]
[SourceVersionDate "2010.09.01"]
[SourceQuality "1"]

1. Nf3 Nf6 2. c4 b6 3. d4 e6 4. g3 Ba6 5. Qa4 Bb7 6. Bg2 c5 7. dxc5 Bxc5 8. O-O
Be7 9. Nc3 Ne4 {Diese seltene Idee wurde beim letzten Weltcup von Judith
Polgar gegen Boris Gelfand versucht (nach den Zügen 9...0-0 10.Rd1). Auch dort
gelang es dem Nachziehenden nicht, vollen Ausgleich zu erzielen.} 10. Nxe4 Bxe4
11. Rd1 Qc8 (11... O-O 12. Bf4 {würde in die obenerwähnte Partie überführen.})
12. Bf4 Na6 13. Rd4 ({Ungenau wäre} 13. Rd2 Nc5 14. Qd1 Bc6 {[%cal Gc5e4]})
13... Nc5 (13... Bc6 14. Qd1 {führt jetzt zu weissem Vorteil:} Bc5 15. Rd3 (15.
Bd6 $6 {reicht nach} Bxd4 16. Qxd4 f6 {nicht aus}) 15... Be4 16. Rd2 $36) 14.
Qd1 a5 (14... Bc6 15. b4 Ne4 16. Ne5 $16) 15. Bd6 Bxd6 16. Rxd6 Qc7 ({Im Fall
von} 16... Qb7 17. Qd4 O-O 18. Ne1 Bxg2 19. Nxg2 Rac8 20. Rd1 Rc6 21. Nf4 {
besitzt Weiss leichten Druck}) 17. Qd4 f6 $6 ({Auf} 17... O-O {wollte ich
während der Partie mit dem Qualitätsopfer} 18. Ne5 Bd5 19. Rxd5 exd5 20. Bxd5 {
antworten. Aber der Computer beweist, dass Schwarz mittels} Rae8 21. Ng4 Kh8 {
nicht zu fürchten hat, sogar im Gegenteil! Richtig ist also wahrscheinlich 18.
Nh4.}) 18. Rd1 Bc2 ({Diese originelle Ressource hatte ich nicht erwartet. Die
logischeren Alternativen führen zu stabilem weissem Vorteil:} 18... O-O 19. Ne1
Bxg2 20. Kxg2 $14 {[%cal Ge1c2,Gc2a3,Ga3b5]}) ({oder} 18... Rc8 19. Nh4 (19.
Ne1 Bd5 $5 20. Rxd5 exd5 21. Bxd5 Ne6 22. Qg4 O-O $13) 19... Bxg2 (19... Bd5 $2
20. Nf5 $18) 20. Nxg2 $14 {[%cal Gg2e3,Ge3c2,Gc2a3,Ga3b5]}) 19. Rd2 Bb1 20. b3
({Hier beging ich einen praktischen Fehler. Auf der Suche nach einem Gewinnweg
vergass ich die Zeit, und liess meine Uhr auf 4 Minuten fallen. Da ich aber
die Konsequenzen von} 20. Ng5 {nicht einschätzen konnte, entschied ich mich
schliesslich für den ruhigeren Textzug. Nach 20.Ng5} Rd8 {hat aber Weiss
mittels} 21. Be4 $1 (21. Ne4 Bxe4 22. Bxe4 Qxd6 $1 23. Qxd6 Nxe4 24. Qd4 Nxd2
25. Qxd2 Ke7 $13) (21. Bh3 $6 fxg5 22. Qxg7 Rf8 23. Bg4 Bg6 24. Bxe6 Nxe6 25.
Rxe6+ dxe6 26. Qxc7 Rxd2 $15) {die Möglichkeit, in Vorteil zu kommen:} 21...
Bxa2 (21... Nxe4 22. Nxe4 Bxa2 23. Rxb6 $16) 22. Bxh7 (22. Nxh7 Ke7 $13) 22...
Ke7 23. Bc2 Bb3 24. Bd1 Ba2 25. Ne4 $36) 20... Rd8 (20... O-O $6 21. Nh4) (
20... Ke7 $6 21. Qb2 Bg6 (21... Be4 22. Ne5 $1 $16) 22. Nh4 $16) 21. Ne1 ({
Vielleicht war} 21. Nh4 $14 {vorzuziehen, um den gegnerischen Läufer
abzutauschen.}) 21... Ke7 ({Nach} 21... O-O {wollte ich} 22. f3 (22. e4 e5 23.
Qe3 Bxa2) 22... Bg6 23. e4 $14 {[%cal Ge1c2,Gc2a3] ziehen.}) (21... Bxa2 $2 22.
Rxa2 Ke7 23. Qg4 $1 $18) 22. Qb2 Bf5 $6 ({Der weisse Vorteil hält sich nach} 
22... Be4 23. R6d4 Bxg2 24. Kxg2 $14 {in Grenzen.}) 23. a3 ({Möglich war hier
der sofortige Durchbruch am Damenflügel mittels} 23. b4 $5 axb4 24. Qxb4 Rb8
25. Rxd7+ Qxd7 26. Rxd7+ Kxd7 27. Nd3 $16 {Aber in beiderseitiger Zeitnot
spielte ich nur noch nach Gefühl.}) 23... Ne4 24. Bxe4 Bxe4 25. Qd4 Bc6 26. Nc2
h5 $6 (26... Kf7 27. b4 $16) 27. c5 Rb8 28. b4 (28. Qe3 $1 {[%cal Gc2d4]} Kf8
29. b4 $16) 28... axb4 $2 ({Der Springer kann nun zum Angriff teilnehmen.
Hartnäckiger war} 28... Kf7 29. a4 $5 axb4 30. Nxb4 bxc5 31. Qxc5 Qb6 32. Qxb6
Rxb6 33. Nxc6 dxc6 34. Rd7+ Kg6 35. Ra7 $16) 29. Nxb4 bxc5 30. Qxc5 {Schwarz
überschritt in dieser hoffnungslosen Stellung die Zeit.} 1-0

[Event "SUI-chT"]
[Site "Switzerland"]
[Date "2003.09.07"]
[Round "7.1"]
[White "Pelletier, Yannick"]
[Black "Sokolov, Andrei"]
[Result "1/2-1/2"]
[WhiteElo "2602"]
[BlackElo "2555"]
[Annotator "Pelletier,Y"]
[PlyCount "74"]
[EventDate "2003.03.23"]
[EventType "team-tourn"]
[EventRounds "9"]
[EventCountry "SUI"]
[SourceTitle "EXT 2004"]
[Source "ChessBase"]
[SourceDate "2003.11.25"]
[SourceVersion "1"]
[SourceVersionDate "2003.11.25"]
[SourceQuality "1"]
[WhiteTeam "Biel"]
[BlackTeam "Reichenstein"]
[WhiteTeamCountry "SUI"]
[BlackTeamCountry "SUI"]

1. d4 Nf6 2. c4 e6 3. Nf3 b6 4. g3 Ba6 5. Qb3 c6 {Bei weitem keine kritische
Fortsetzung in der 5.Qb3-Variante.} 6. Nc3 d5 7. cxd5 cxd5 8. Bf4 Bd6 (8... Bc4
9. Qd1 Nbd7 10. Nd2 Ba6 11. Qa4 $36 {wurde in einer späteren Partie
Khalifman-Ibrahimov, EU-chT Plovdiv 2003, ohne besonderen Erfolg versucht.}) 9.
Qa4+ Kf8 {Andrei Sokolov nimmt in Kauf, dass er nach dem Textzug "zu Fuss"
rochieren muss. Trotzdem bleibt die schwarze Stellung solide.} 10. Be5 $1 ({
Die Alternativen} 10. Bxd6+ Qxd6 11. Bg2 g6 12. O-O Kg7 {und}) (10. Rc1 Bxf4
11. gxf4 g6 {bringen nichts ein.}) 10... Bb7 11. Nb5 ({Weiterhin energisch
gespielt, wobei} 11. Bxd6+ Qxd6 12. Nb5 Qe7 13. Rc1 Nc6) ({und} 11. Bg2 Nc6 {
erneut zu wenig versprechen.}) 11... Bc6 (11... Bxe5 12. dxe5 Ne4 13. Bg2 $14 {
[%csl Gd4]}) 12. Rc1 ({Im Endspiel nach} 12. Bxd6+ Qxd6 13. Nxd6 Bxa4 {hat
Schwarz nichts zu fürchten, z.B:} 14. Ne5 Be8 $1 (14... Ke7 15. Ndxf7 Rc8 16.
Bg2 h6 $140 $6 17. O-O Be8 18. Nh8 $1) 15. Rc1 Ke7 16. Nc8+ Kd8 17. e3 Nbd7 $11
{mit baldiger Befreiung der Kräfte.}) 12... Bxb5 13. Qxb5 g6 14. Bg2 ({Es
machte Sinn,} 14. h4 h5 (14... Kg7 15. h5 Bxe5 16. h6+ $5 (16. dxe5 Ne4) 16...
Kg8 17. Nxe5 $36) {einzuschieben, um die schwarzen Felder noch empfindlicher
zu machen. Nach} 15. Bg2 Kg7 16. O-O a6 17. Qb3 Bxe5 $1 18. dxe5 Ng4 19. e4
dxe4 20. Rfd1 Nd7 21. Ng5 {würde Weiss über genug Kompensation verfügen.})
14... Kg7 15. O-O a6 16. Qb3 b5 $6 ({Dieser Bauernzug ist fehl am Platz, da
der Nachziehende jetzt schon unter Entwicklungsschwierigkeiten leidet. Nach} 
16... Ra7 17. Rc2 Rc7 18. Rfc1 Rxc2 19. Qxc2 {[%csl Rb8][%cal Gc1c8] müsste
sich Weiss mit einem kleinen Plus begnügen.} (19. Rxc2 Bxe5 20. dxe5 Ne4 21.
Nd4 Nc5 22. Qe3 a5)) 17. Bxf6+ $2 ({Ich versuchte meinen Vorteil durch die
Öffnung der Stellung auszunützen, aber dies gelingt nicht. Ich hätte mich
stattdessen um die Kontrolle der c-Linie kümmern sollen:} 17. Rc2 Qb6 18. Qe3
Nbd7 19. Rfc1 $16) 17... Qxf6 18. e4 dxe4 19. Nd2 Ra7 (19... Qxd4 {ist zu
gefährlich:} 20. Nxe4 Be7 21. Rfd1 Qb4 (21... Qe5 22. f4 $18) 22. Qe3 $16) 20.
Nxe4 Qe7 21. Nxd6 (21. d5 exd5 (21... Be5 $5) 22. Qxd5 Be5 $11) (21. Rfd1 Rd7)
21... Qxd6 22. d5 (22. Rfd1 Rd8 (22... Nd7 23. Rc6 Qe7 24. Qc3 $36) 23. d5 Rad7
(23... e5 24. Qc3 $16) 24. Qc3+ Kg8) 22... exd5 23. Bxd5 Rd8 24. Rfd1 Qf6 $6 ({
Vom minimalen Vorteil der besseren Leichtfigur kann Weiss keine Dividenden
ziehen. Leichter war hier noch} 24... Qe5 $11) 25. Rd3 ({Möglicherweise war} 
25. Rc3 Rad7 26. Kg2 {genauer.}) 25... Qe5 (25... Rad7 26. Rf3 Qg5 27. Qc3+ f6
28. Bb3 $14) 26. Kf1 Rc7 ({Verhindert ein Schach auf c3, was dem Nachziehenden
im Falle von} 26... Rad7 27. Re1 Qh5 28. Qc3+ f6 (28... Kg8 $2 29. Rde3 $1 $18)
29. Be4 Rxd3 (29... Qxh2 30. Rxd7+ Rxd7 31. Qc8 $18) 30. Bxd3 Qh3+ 31. Kg1 {
noch einige Unannehmlichkeiten bereiten könnte.}) 27. Re1 $6 ({Einzig konnte
noch} 27. Rxc7 Qxc7 28. Kg2 {[%csl Rb8] etwas bieten.}) 27... Qf5 28. Be4 Rxd3
29. Qxd3 Qf6 30. Re2 Nd7 31. Bd5 Nb6 32. Bb3 Nc4 (32... Rc1+ 33. Kg2 Qc6+ 34.
Qe4 $11) 33. Bxc4 Rxc4 34. Qd5 Rc1+ 35. Kg2 Qc6 36. Qxc6 Rxc6 37. Kf3 Kf6
1/2-1/2

[Event "Buenos Aires Najdorf"]
[Site "Buenos Aires"]
[Date "1996.??.??"]
[Round "4"]
[White "Sorin, Ariel"]
[Black "Almasi, Zoltan"]
[Result "1/2-1/2"]
[WhiteElo "2505"]
[BlackElo "2650"]
[Annotator "Petursson,M"]
[PlyCount "106"]
[EventDate "1996.04.??"]
[EventType "tourn"]
[EventRounds "9"]
[EventCountry "ARG"]
[EventCategory "13"]
[SourceTitle "CBM 053"]
[Source "ChessBase"]
[SourceDate "1996.08.01"]
[SourceVersion "1"]
[SourceVersionDate "1996.08.01"]
[SourceQuality "1"]

1. d4 Nf6 2. c4 e6 3. Nf3 b6 4. g3 Ba6 5. Qb3 Nc6 6. Nbd2 Na5 7. Qa4 Bb7 8. Bg2
c5 9. dxc5 bxc5 10. O-O Be7 11. Ne5 Bxg2 12. Kxg2 O-O 13. Ndf3 d6 14. Bd2 dxe5
15. Bxa5 Qb8 16. Bc3 Bd6 17. Rfd1 e4 18. Ng5 Be5 19. Qc2 Bxc3 20. Qxc3 h6 21.
Nh3 a5 22. Nf4 Qb4 23. Rac1 Rfd8 24. Qc2 g5 25. Nh3 a4 26. Ng1 Rxd1 27. Rxd1
Rb8 28. Rb1 Rd8 29. a3 Rd2 30. Qc1 Qb7 31. b4 e3+ 32. f3 g4 33. Qf1 cxb4 34.
Rxb4 Qc6 35. h3 h5 36. Kh2 h4 37. hxg4 hxg3+ 38. Kh3 Qd6 39. c5 Qxc5 40. Qa1 e5
41. Rxa4 Rd4 42. Ra8+ Kg7 43. Qb1 Qc6 44. Qb8 Rd1 45. Kg2 Qc2 46. Qh8+ (46.
Qxe5 $2 Rxg1+ 47. Kxg1 Qd1+ 48. Kg2 Qxe2+ 49. Kxg3 Qf2+ 50. Kh3 Qxf3+ 51. Kh2
Kh7 $19) 46... Kg6 47. Rg8+ Nxg8 48. Qxg8+ Kf6 49. Qh8+ Ke6 50. Qe8+ Kd6 51.
Qd8+ Ke6 52. Qe8+ Kd6 53. Qd8+ Ke6 1/2-1/2

[Event "Karpov-Piket Match"]
[Site "Monte Carlo"]
[Date "1999.02.21"]
[Round "1"]
[White "Piket, Jeroen"]
[Black "Karpov, Anatoly"]
[Result "1/2-1/2"]
[WhiteElo "2619"]
[BlackElo "2710"]
[Annotator "Piket,L"]
[PlyCount "71"]
[EventDate "1999.02.21"]
[EventType "match"]
[EventRounds "8"]
[EventCountry "MNC"]
[SourceTitle "CBM 070"]
[Source "ChessBase"]
[SourceDate "1999.06.08"]
[SourceVersion "1"]
[SourceVersionDate "1999.06.08"]
[SourceQuality "1"]

1. d4 Nf6 2. c4 e6 3. Nf3 b6 4. g3 Ba6 5. Qa4 Bb7 6. Bg2 c5 7. dxc5 Bxc5 8. O-O
Be7 9. Nc3 Na6 10. Bf4 O-O 11. Rfd1 Nc5 12. Qc2 Qc8 13. Rac1 Nce4 14. Nd4 Nxc3
15. Qxc3 a6 16. Qb3 (16. a3 $5 d6 17. Bxb7 Qxb7 18. Qf3) (16. Nb3) 16... Bxg2 (
16... Bc5 17. Bg5 Bxg2 18. Kxg2 Ne4 19. Be3 Qb7 20. f3 Nf6 21. Bf2 (21. Nf5))
17. Kxg2 Qb7+ 18. Qf3 Ra7 (18... Qxf3+ 19. Kxf3 (19. Nxf3 Rfc8 (19... b5 20.
Ne5 (20. Be5)) 20. Bd6 (20. Rd3 d5 21. Rdc3 b5 22. cxd5 (22. cxb5 Rxc3 23. Rxc3
axb5 24. Rc7 Bd8 (24... Bf8 25. Ne5 Rxa2 26. Rc8 Rxb2 27. Bg5 $13) 25. Rb7)
22... Rxc3 23. Rxc3 Nxd5 $15) 20... Kf8) 19... Rac8 20. e4 d6 21. Ne2 Nd7 (
21... Rfd8) (21... Rc6 22. b4 Rfc8 23. b5 Rxc4 (23... axb5 24. cxb5 Rxc1 25.
Rxc1 Rxc1 26. Bxc1 d5 27. exd5 Nxd5 28. a4) 24. bxa6 Rxc1 25. Rxc1 Ra8 26. Rc6
(26. Rc7))) 19. Qxb7 Rxb7 20. f3 Rc8 (20... Nh5 21. Be3 (21. Bd2) 21... Rc8 22.
Nb3 f5 $13) 21. e4 Ne8 (21... d6 22. Ne2 Rc6 (22... Ne8 23. b3 $14) 23. b4 $14)
22. h4 (22. a4 $5) 22... h5 $1 23. a4 Bf6 24. Be3 (24. e5 Be7 25. Be3 $13)
24... Rbc7 25. b3 d5 (25... b5 26. cxb5 $5 (26. axb5 Bxd4 27. Bxd4 axb5 28. c5
d6 (28... Ra8 $13) 29. b4 (29. cxd6 Rxc1 30. Rxc1 Nxd6 31. Rxc8+ Nxc8 32. Bc5))
26... Rxc1 27. Bxc1 Bxd4 28. Rxd4 Rxc1 29. bxa6 Rc7 30. b4) 26. Ne2 (26. exd5
exd5 27. Nf5 dxc4 (27... g6 28. Nh6+ Kg7 29. Rxd5 Re7 30. Bg5 (30. Bf4)) 28.
Bxb6 Rc6 29. Rxc4 Rxc4 30. bxc4 Rxc4 31. a5) 26... dxc4 27. Bxb6 Rc6 28. Rxc4
Rxc4 29. bxc4 Rxc4 30. a5 Nc7 (30... Rc2 31. Kf1 Ra2 32. Rd7 $14) 31. Rc1 $6 (
31. Bxc7 $5 Rxc7 32. Rd6 Ra7 33. Nd4 Be7 (33... Bxd4 34. Rxd4 f6 35. Rd6 Kf7)
34. Rb6 Rd7 (34... Ra8) 35. Nc6 Rd2+ 36. Kh3 Bc5 37. Rxa6 Bg1 38. g4) (31. e5
$5 Bxe5 (31... Be7 32. Nf4 g5 $1 33. hxg5 Bxg5 34. Nxh5 Nd5 35. f4 Be7 $44) 32.
Rd8+ Kh7 33. f4 Bf6 34. Rc8 Re4 35. Kf3 Nb5 36. Ra8 Ra4 37. Rxa6) 31... Rxc1
32. Nxc1 Nb5 33. Nd3 Bc3 34. Nc5 Nd6 35. Nxa6 Nc4 (35... Nb7 $4 36. Nb4 $1 $18)
36. Nc5 1/2-1/2

[Event "HUN-ch"]
[Site "Budapest"]
[Date "1991.??.??"]
[Round "2"]
[White "Polgar, Zsuzsa"]
[Black "Sax, Gyula"]
[Result "0-1"]
[WhiteElo "2535"]
[BlackElo "2600"]
[Annotator "Polgar,Zsu"]
[PlyCount "102"]
[EventDate "1991.12.??"]
[EventType "tourn"]
[EventRounds "9"]
[EventCountry "HUN"]
[EventCategory "12"]
[SourceTitle "CBM 027"]
[Source "ChessBase"]
[SourceDate "1992.04.01"]
[SourceVersion "1"]
[SourceVersionDate "1992.04.01"]
[SourceQuality "1"]

1. d4 Nf6 2. c4 e6 3. Nf3 b6 4. g3 Ba6 5. b3 Bb4+ 6. Bd2 Be7 7. Bg2 c6 8. O-O
d5 9. Ne5 Nfd7 10. Nxd7 Nxd7 (10... Qxd7 {Informator 52/528}) 11. Bc3 O-O 12.
Nd2 b5 (12... f5 13. Bb2 Nf6 14. Rc1 Bd6 15. Nf3 Qe7 16. Ne5 Rac8 17. Nd3 Ng4
18. Rc2 h5 {1/2 Horvath,J-Sax,G/Hun-ch/1991/}) 13. c5 (13. Re1 {Informator 51/
(522)}) 13... e5 14. dxe5 {N} (14. b4 {Informator 49/606}) 14... Nxc5 $6 (14...
Bxc5 $5) 15. Rc1 Bb7 16. Bb2 a5 17. f4 a4 $6 (17... f5 $5) 18. f5 $1 (18. b4 a3
) 18... Bg5 (18... axb3 19. Nxb3 $1 (19. axb3 Ra2 20. Bd4 (20. Rc2 $5) 20...
Rxd2 21. Qxd2 Nxb3 22. Qc3 Nxc1 23. Rxc1 $14) 19... Rxa2 20. f6 gxf6 21. exf6
Nxb3 (21... Bd6 22. Nxc5 Bxc5+ 23. Rxc5 Rxb2 24. Qd4 $18) 22. fxe7 Qb6+ 23. Kh1
$18) 19. Bd4 $1 (19. b4 Be3+ 20. Kh1 a3) (19. Nf3 Be3+) 19... Nd7 20. b4 $1 Re8
(20... Qe7 21. Nf3 Bxc1 22. Qxc1 Qxb4 23. f6 {/\ Qg5,Bh3 |^ +-}) 21. Nf3 $1
Bxc1 22. Qxc1 $18 Qc7 23. Qc3 $5 (23. f6 $6 Nxe5 24. Nxe5 Rxe5 25. Qf4 Rae8 26.
Qg4 g6 27. Qf4 g5 28. Qg4 Kh8) (23. Qf4 $5 f6 24. e6 Qxf4 25. gxf4 $16) 23...
Nb6 24. Ng5 (24. Qe3 Nc4 25. Qf4 f6 26. e6 Qxf4 27. gxf4 $16) (24. g4 $5) 24...
Nc4 25. e6 f6 (25... fxe6 26. fxe6 {/\ 27.Rf7 +-}) 26. Nh3 (26. Nf7 Rf8 {/\ Rf7
}) (26. Bxf6 $2 gxf6 27. Qxf6 Rf8 28. Nf7 Rxf7 $1 $17) 26... Ne5 (26... Nd6 27.
g4 {/\ g5, /\ Nf4-h5-f6|^}) 27. Nf4 Qd6 $138 28. Nd3 (28. Bc5 $18) 28... Nxd3
29. exd3 Qe7 30. a3 (30. Bc5 Qc7 31. a3 $18) 30... Rac8 31. g4 (31. Bc5 $142
$18) 31... h6 (31... c5 $5) 32. h4 $6 (32. Bc5 $18) 32... c5 $1 33. bxc5 $6 (
33. Bxc5 $142 $1 d4 34. Qxd4 $18) 33... Bc6 34. g5 (34. Qb4 $5) 34... Rf8 (
34... hxg5 35. hxg5 fxg5 36. f6 gxf6 37. Rxf6 $16 {|^}) 35. gxh6 gxh6 36. Rf3 (
36. Bf3 Kh8 37. Bh5 Be8) 36... Kh7 37. Rg3 Rg8 38. Qe1 $138 (38. Bxf6 Rxg3 39.
Bxe7 Rxg2+ 40. Kf1 Rcg8) 38... b4 $1 39. axb4 (39. Rxg8 Rxg8 40. Qxb4 Qg7 41.
Qb2 Qg3) 39... a3 40. Rg6 Rxg6 41. fxg6+ Kxg6 42. Qg3+ (42. b5 $5 Bxb5 43. Bxd5
Rxc5 (43... Rg8 44. Kh1 f5 $13)) 42... Kh7 43. h5 $2 (43. Qd6 Qg7 (43... Rc7
44. Bh3 $36) 44. Kf1 Rg8 45. Bxd5 Bxd5 46. Qxd5 Qg3 47. Qf5+ $18) 43... Rg8 44.
Qh3 (44. Qd6 Qg7) 44... Rg5 $1 45. Qe3 (45. Kh1 a2) 45... a2 46. b5 Qxc5 $1 (
46... Bxb5 $19) 47. Bxc5 a1=Q+ 48. Kh2 Rxg2+ 49. Kxg2 d4+ 50. bxc6 dxe3 51. e7
Qa8 0-1

[Event "Madrid"]
[Site "Madrid"]
[Date "1992.??.??"]
[Round "5"]
[White "Polgar, Zsuzsa"]
[Black "Yudasin, Leonid"]
[Result "1-0"]
[WhiteElo "2530"]
[BlackElo "2580"]
[Annotator "Polgar,Zsu"]
[PlyCount "51"]
[EventDate "1992.05.??"]
[EventType "tourn"]
[EventRounds "9"]
[EventCountry "ESP"]
[EventCategory "13"]
[SourceTitle "CBM 030"]
[Source "ChessBase"]
[SourceDate "1992.10.01"]
[SourceVersion "1"]
[SourceVersionDate "1992.10.01"]
[SourceQuality "1"]

1. d4 Nf6 2. c4 e6 3. Nf3 b6 4. g3 Ba6 5. b3 d5 6. Bg2 dxc4 7. Ne5 Bb4+ 8. Kf1
Nfd7 9. a3 Be7 10. Nxf7 Kxf7 11. Bxa8 c6 12. Nd2 cxb3 $6 (12... b5 13. Nf3 Qc7
{Polgar,Zsu-Psakhis Aruba 1992.}) 13. Qxb3 Rf8 14. Nf3 Bf6 15. Bf4 Qe7 16. h4
Kg8 17. Rc1 Kh8 18. Bxc6 e5 19. dxe5 Nxe5 20. Bd5 Nbd7 21. Rc2 Nc5 22. Qe3 Qd7
23. Bxe5 Qxd5 24. Bxf6 gxf6 25. Kg2 Bb7 26. Rd2 {(1h 23' : 1h 14')} 1-0